00297nam a2200109Ia 4500008004100000050001500041100002000056245004200076260003200118300002400150650001300174150202s9999 xx 000 0 und d aFIC bFIC  aJones, Charlie. aLife is tremendous! /cCharlie Jones. aUSA :bliving Books,c1968. a107 pages :c18 cm. aFiction.